Every Place in Rhode Island - Statistics

General Stats
  • This quiz has been taken 14 times
  • The average score is 18 of 62
Answers on the Map
Answers color-coded by a green-red scale on the quiz's map according to % correct below.
 
Answer Stats
County Place Name Population Status % Correct
Providence Providence 190,823 City
100%
Kent Warwick 83,095 City
100%
Bristol Bristol 21,991 Town
82%
Providence Cranston 82,509 City
82%
Providence East Providence 46,800 City
82%
Newport Newport 24,453 City
82%
Providence Pawtucket 75,213 City
82%
Providence North Providence 34,002 Town
64%
Kent Coventry 35,747 Town
55%
Washington Narragansett 14,239 Town
45%
Washington North Kingstown 27,735 Town
45%
Providence Scituate 10,668 Town
45%
Washington South Kingstown 31,935 Town
45%
Kent West Warwick 31,263 Town
45%
Providence Woonsocket 43,119 City
45%
Providence Central Falls 22,540 City
36%
Washington Exeter 6,523 Town
36%
Newport Jamestown 5,410 Town
36%
Washington Kingston 6,456 CDP
36%
Newport Little Compton 3,505 Town
36%
Providence North Smithfield 12,683 Town
36%
Providence Smithfield 22,276 Town
36%
Newport Tiverton 15,747 Town
36%
Washington Westerly 23,085 Town
36%
Providence Burrillville 16,565 Town
27%
Providence Cumberland 36,989 Town
27%
Kent East Greenwich 14,746 Town
27%
Providence Johnston 30,021 Town
27%
Providence Lincoln 23,334 Town
27%
Newport Middletown 16,184 Town
27%
Washington New Shoreham 1,396 Town
27%
Bristol Warren 11,159 Town
27%
Kent West Greenwich 6,715 Town
27%
Bristol Barrington 17,001 Town
18%
Washington Charlestown 8,030 Town
18%
Providence Glocester 10,380 Town
18%
Newport Portsmouth 17,081 Town
18%
Washington Quonochontaug 482 CDP
18%
Washington Richmond 8,113 Town
18%
Washington Wyoming 330 CDP
18%
Washington Ashaway 1,706 CDP
9%
Providence Chepachet 1,775 CDP
9%
Providence Clayville 52 CDP
9%
Providence Cumberland Hill 9,099 CDP
9%
Providence Foster Center 340 CDP
9%
Kent Greene 1,116 CDP
9%
Providence Greenville 8,807 CDP
9%
Washington Hope Valley 2,358 CDP
9%
Washington Hopkinton 8,378 Town
9%
Newport Melville 2,068 CDP
9%
Washington Weekapaug 546 CDP
9%
Washington Bradford 1,135 CDP
0%
Washington Carolina 1,214 CDP
0%
Providence Harmony 1,556 CDP
0%
Providence Harrisville 1,492 CDP
0%
Washington Misquamicut 376 CDP
0%
Washington Narragansett Pier 2,654 CDP
0%
Newport Newport East 11,613 CDP
0%
Providence Pascoag 4,514 CDP
0%
Providence Valley Falls 12,203 CDP
0%
Washington Wakefield-Peacedale 12,458 CDP
0%
Washington Watch Hill 350 CDP
0%
No matching quizzes found
Score Distribution
Percent of People with Each Score
Percentile by Number Answered
Your Score History
You have not taken this quiz